000 00816nam a22002777a 4500
001 BR9510647
003 BR-BrBNA
005 20230928094832.0
007 ta
008 230509b bl.||||| |||| 00| 0 por d
040 _aBR-BrBNA
_bpor
_cBiblioteca Nacional de Agricultura
041 _a(Por)
072 _aF01
_b0336
090 _ 0336 BR9510647
110 1 _aEmpresa Brasileira de Pesquisa Agropecuaria, Brasilia, DF (Brasil). Servico de Producao de Informacao
_93866
245 1 _aRecomendacoes tecnicas para a cultura da soja Regiao Centro Oeste
260 3 _aBrasilia, DF (Brasil):
_c1993.
300 _a119 p.
650 _aSoja
650 _aPratica Cultural
650 _aPlantio
650 _aColheita
650 _aRegiao Centro-Oeste
909 _a202309
_bLucia
_c55
_dLucia Elande
942 _cBK
999 _c52921
_d52921